| 000 | 00515nam a2200181Ia 4500 | ||
|---|---|---|---|
| 999 |
_c7117 _d7117 |
||
| 008 | 200103s 1997 ||||xx |||||||||||||| ||und|| | ||
| 020 | _a9788121901000 | ||
| 082 |
_a620.106 _bKUM |
||
| 100 | _aKumar, K.L. | ||
| 245 | 0 | _aEngineering fluid mechanics: SI units | |
| 260 |
_bEurasia Publishing House (P) Ltd. _c1997 _aNew Delhi |
||
| 300 | _axii, 566 p.: ill. | ||
| 504 | _aIncludes appendix and index | ||
| 650 | _aFluid mechanics | ||
| 650 | _aFluid statics | ||
| 650 | _aFluid dynamics | ||
| 942 | _cBK | ||